States with the most Muslims - Statistics

General Stats
  • This quiz has been taken 32 times
  • The average score is 8 of 10
Answer Stats
Hint Answer % Correct
2 California
100%
1 New York
97%
5 Texas
97%
8 Virginia
90%
9 Pennsylvania
87%
10 Massachusetts
84%
6 Michigan
84%
4 New Jersey
84%
7 Maryland
74%
3 Illinios
3%
No matching quizzes found
Score Distribution
Percent of People with Each Score
Percentile by Number Answered
Your Score History
You have not taken this quiz